000 01353ngm a22003370a 4500
001 PT15246
003 AR-LpoUNG
005 20210202000141.0
007 vd cvaizq
008 191001s1992||||ag |||||||||||||||||eng d
037 _c$8.30
040 _aAR-LpoUNG
_bspa
_cAR-LpoUNG
_eaacr
041 _aeng
_aspa
044 _aag
082 0 _a128 871señ
100 1 _aBrook, Peter
_edir.
245 1 3 _aEl señor de las moscas
260 _aBuenos Aires :
_bTHV,
_c1992.
300 _aVHS : son., col.
505 0 _aFotografía: Martín Fuhrer ; guión: Sara Schiff. - Diálogos en inglés, subtítulos en castellano.
520 _aEn una isla desierta en el pacífico, un grupo de estudiantes consigue ponerse a salvo luego de un accidente de aviación. La situación fascina a los jóvenes, todo comenzará como una apasionante aventura, pero pronto se convertirá en una lucha feroz por el poder y la sobrevivencia. Basado en la novela clásica del Premio Nobel, Sir. William Golding, el film cuestiona los valores humanos de la civilización.
650 4 _aSISTEMAS DE VALORES
650 4 _aSOCIALIZACION
650 4 _aSOCIEDAD
650 4 _aVALORES SOCIALES
653 _aVIDEOS
710 2 _aCastle Rock Entertainment (firma comercial)
710 2 _aNelson Entertainment (firma comercial)
905 _a15246
942 _cVIDEO
999 _c54208
_d54208